000 00775nmc a2200301 a 4500
003 AR-BaBNM
005 20251128204451.0
008 037019s1990 ||||||||||||||000 | spa||
020 _a950-07-0622-9
040 _cAR-BaBNM
100 1 _aRotondaro, M. Fernanda
245 1 0 _aNo enciendas la luz
260 _aBuenos Aires
_bSudamericana
_c1990
300 _a14 p.
_bil.
490 0 _aLibros del bolsillo
_vv. 7
500 _aContiene nota de la editora a los lectores
650 4 _aLITERATURA INFANTIL
650 4 _aLIBROS PARA NINOS
650 4 _aANIMALES
650 4 _aCUENTOS DE AVENTURAS
650 4 _aLECTURA
655 _aLITERATURA
700 1 _aSbarra, José
700 0 _aSanyú
_eilustrador
800 0 _aCanela
942 _cBK
998 _cLAURA
999 _c7539
_d7539